00859nam a2200217 a 450000100100000000500170001000800410002704000250006808200150009310000350010824500790014326001090022230000210033165000330035265000360038565000300042165000510045104900090050295201130051199900170062400001291420200929163111.0091118s19uu dr 000 0 spa d aDO-SdBNPbspacBNPHU a109bG215f1 aGarcía Bacca, Juan D.92980410aFragmentos filosóficos de los presocráticos /cJuan D. García Bacca. aCaracas :bInstituto de Filosofía Facultad de Humanidades y Educación Central de Venezuela,c[19??]. a359 p. ;c24 cm. 4aFilosofíaxPoesía929805 4aFilosofíaxColecciones929806 4aFilosofìa antigua91215 4aCiencias socialesxEnseñanza superior929807 aBNPD 0010718PDaGRbGRcCTd2009-11-18iLF1l0o109 G215fp12914-10r2020-06-25w2020-06-25yLFPDZNo se presta c12562d12562